Online
Catalog

Qué ha dicho verdaderamente Schopenhauer / (Record no. 22388)

MARC details
000 -CABECERA
campo de control de longitud fija 00881nam a2200241 a 4500
001 - NÚMERO DE CONTROL
campo de control 000022891
005 - FECHA Y HORA DE LA ÚLTIMA TRANSACCIÓN
campo de control 20200930021848.0
008 - DATOS DE LONGITUD FIJA--INFORMACIÓN GENERAL
campo de control de longitud fija 100917s1972 sp 000 0bspa d
040 ## - FUENTE DE LA CATALOGACIÓN
Centro catalogador/agencia de origen DO-SdBNP
Lengua de catalogación spa
Centro/agencia transcriptor BNPHU
082 ## - NÚMERO DE LA CLASIFICACIÓN DECIMAL DEWEY
Número de clasificación 921.343
Número de documento/Ítem S373V
049 ## - FONDOS LOCALES (OCLC)
Fondos de biblioteca BNGR
100 1# - ENTRADA PRINCIPAL--NOMBRE DE PERSONA
Nombre de persona Manlio Rossi, Mario
9 (RLIN) 45865
245 10 - MENCIÓN DE TÍTULO
Título Qué ha dicho verdaderamente Schopenhauer /
Mención de responsabilidad, etc. Icilio Vecchiotti ; traducción Javier Abásolo.
260 ## - PUBLICACIÓN, DISTRIBUCIÓN, ETC.
Lugar de publicación, distribución, etc. Madrid :
Nombre del editor, distribuidor, etc. Doncel,
Fecha de publicación, distribución, etc. 1972.
300 ## - DESCRIPCIÓN FÍSICA
Extensión 166 p. ;
Dimensiones 18 cm.
490 1# - MENCIÓN DE SERIE
Mención de serie Qué ha dicho verdaderamente ;
Designación de volumen o secuencia 17
500 ## - NOTA GENERAL
Nota general Incluye referencia biográfica del autor en la contracubierta.
500 ## - NOTA GENERAL
Nota general Incluye bibliografía p. [120-160].
534 ## - NOTA SOBRE LA VERSIÓN ORIGINAL
Encabezamiento principal del original Título original :
Mención de título del original Introduzione a Schopenhauer
600 10 - PUNTO DE ACCESO ADICIONAL DE MATERIA--NOMBRE DE PERSONA
Nombre de persona SCHOPENHAUER, ARTHUR,
Fechas asociadas al nombre 1788-1860
9 (RLIN) 47050
700 1# - PUNTO DE ACCESO ADICIONAL--NOMBRE DE PERSONA
Nombre de persona Abásolo, Javier,
Término indicativo de función/relación tr.
9 (RLIN) 47051
830 #0 - PUNTO DE ACCESO ADICIONAL DE SERIE-TÍTULO UNIFORME
Título uniforme Qué ha dicho verdaderamente ;
Número de parte o sección de la obra 17
9 (RLIN) 47052
Holdings
Estado de retiro Estado de pérdida Restricciones de uso No para préstamo Código de colección Localización permanente Ubicación/localización actual Ubicación en estantería Fecha de adquisición Número de inventario Total de préstamos Signatura topográfica completa Código de barras Fecha visto por última vez Precio válido a partir de Tipo de ítem Koha Número de copia
        Monografías: Libros y Folletos General General En catalogación 22.11.2010 LF1   921.343 S373V 22891-10 25.06.2020 25.06.2020 Préstamo en sala  
      Préstamo restrigido Monografías: Libros y Folletos General General En catalogación 22.11.2010 LF1   921.343 S373V 22891-20 25.06.2020 25.06.2020 Préstamo en sala e. 2
        Monografías: Libros y Folletos General General En catalogación 22.11.2010 LF1   921.343 S373V 22891-30 25.06.2020 25.06.2020 Préstamo en sala e. 3

Powered by Koha